|
|
|
|
| LEADER |
01765nam a2200301 a 4500 |
| 001 |
17241127 |
| 008 |
120910s2012 bg ab b 001 0 eng d |
| 999 |
|
|
|c 12836
|d 12836
|
| 010 |
|
|
|a 2012335330
|
| 020 |
|
|
|a 9789843344748
|
| 040 |
|
|
|a DLC
|c DLC
|d DLC
|c BD-DhAAL
|
| 082 |
0 |
0 |
|a 333.794095492
|2 22
|
| 100 |
1 |
|
|a Kabir, Md. Humayun,
|d 1943-
|9 32518
|
| 245 |
1 |
0 |
|a Exploitation of renewable energy in Bangladesh :
|b power supply and climate protection perspectives /
|c by Md. Humayun Kabir, Wilfried Endlicher.
|
| 260 |
|
|
|a Dhaka :
|b A.H. Development Pub. House ;
|a Kolkata :
|b Distributor in India, Paragon Enterprise,
|c 2012.
|
| 300 |
|
|
|a xviii, 286 p. :
|b ill., maps ;
|c 22 cm.
|
| 504 |
|
|
|a Includes bibliographical references (p. [261]-280) and index.
|
| 526 |
|
|
|a ARC
|
| 541 |
|
|
|a 00025972
|
| 650 |
|
|
|x Environmental aspects
|9 32519
|
| 650 |
|
|
|x Environmental aspects
|z Bangladesh.
|9 32520
|
| 700 |
1 |
|
|a Endlicher, Wilfried.
|9 32521
|
| 852 |
1 |
|
|a Ayesha Abed Library
|j General shelf
|
| 942 |
|
|
|2 ddc
|c BK
|
| 952 |
|
|
|0 0
|1 0
|2 ddc
|4 0
|6 333_794095492000000_KAB
|7 0
|9 21115
|a BRACUL
|b BRACUL
|c GEN
|d 2012-09-11
|e A.H.Development
|g 750.00
|l 1
|m 1
|o 333.794095492 KAB
|p 3010025972
|r 2026-04-29
|s 2026-04-20
|t 1
|w 2012-09-11
|y BK
|
| 952 |
|
|
|0 0
|1 0
|2 ddc
|4 0
|6 333_794095492000000_KAB
|7 0
|9 21116
|a BRACUL
|b BRACUL
|c GEN
|d 2012-09-11
|e A.H.Development
|g 750.00
|l 0
|o 333.794095492 KAB
|p 3010025973
|r 2012-09-13
|t 2
|w 2012-09-11
|y BK
|
| 952 |
|
|
|0 0
|1 0
|2 ddc
|4 0
|6 333_794095492000000_KAB
|7 0
|9 21117
|a BRACUL
|b BRACUL
|c GEN
|d 2012-09-11
|e A.H.Development
|g 750.00
|l 1
|m 1
|o 333.794095492 KAB
|p 3010025974
|r 2022-07-05
|s 2022-06-26
|t 3
|w 2012-09-11
|y BK
|
| 952 |
|
|
|0 0
|1 0
|2 ddc
|4 0
|6 333_794095492000000_KAB
|7 0
|9 21118
|a BRACUL
|b BRACUL
|c GEN
|d 2012-09-11
|e A.H.Development
|g 750.00
|l 0
|o 333.794095492 KAB
|p 3010025975
|r 2012-09-13
|t 4
|w 2012-09-11
|y BK
|